Khawaja Fareed \ (Record no. 526522)

000 -LEADER
fixed length control field 00470nam a22001817a 4500
003 - CONTROL NUMBER IDENTIFIER
control field NUST
020 ## - INTERNATIONAL STANDARD BOOK NUMBER
International Standard Book Number -
038 ## - RECORD CONTENT LICENSOR
Staff Name Zafar Malik
082 ## - DEWEY DECIMAL CLASSIFICATION NUMBER
Classification number 891.491092
Author Mark CHA
100 ## - MAIN ENTRY--PERSONAL NAME
Personal name Chandio, Javed
9 (RLIN) 14698
245 ## - TITLE STATEMENT
Title Khawaja Fareed \
Statement of responsibility, etc. Javed Chandio
260 ## - PUBLICATION, DISTRIBUTION, ETC.
Place of publication, distribution, etc. Bahawalpur :
Name of publisher, distributor, etc. Saraiki Adbi Majlis ;
Date of publication, distribution, etc. 2004.
300 ## - PHYSICAL DESCRIPTION
Extent 504 p. ;
500 ## - GENERAL NOTE
General note Hardcover
880 ## - ALTERNATE GRAPHIC REPRESENTATION
Linkage 100-02\r
Title جاوید چانڈیو
880 ## - ALTERNATE GRAPHIC REPRESENTATION
Linkage 245-02\r
Title خواجہ فریدؒ
942 ## - ADDED ENTRY ELEMENTS (KOHA)
Source of classification or shelving scheme
Koha item type Book
Holdings
Withdrawn status Lost status Source of classification or shelving scheme Damaged status Not for loan Permanent Location Current Location Shelving location Date acquired Total Checkouts Total Renewals Full call number Barcode Date last seen Date last checked out Price effective from Koha item type
          Central Library (CL) Central Library (CL) Urdu Literature 07/12/2019 1 1 891.491092 CHA CL-E-729 09/14/2022 06/16/2022 07/12/2019 Book
© 2023 Central Library, National University of Sciences and Technology. All Rights Reserved.